MDQL
is popping MORE tags! Check the
thread
!
Quizzes
Events
Quiz Creation
Community
Videos
Private Events
Remove Ads
Sign In
Join for FREE
Feedback
Dark Mode
Quiz Categories
Sports
Geography
Music
Movies
Television
Just For Fun
Miscellaneous
History
Literature
Language
Science
Gaming
Entertainment
Religion
Holiday
For Kids
Quiz Lab
Recent
Popular Today
Quiz Kudos Today
Editor Picks
Curator Picks
Quizzes by...
Day
Popularity
Type
Ratings
Length
Year
Community
Subscriptions
Recent Discussions
Orange Saloon
Badges
Playlists
Quests
Create
Leaderboards
Showdown
Live 5
Trivia Bingo
Activity
Puzzle Library
Sporcle Events
Private Events
Virtual Trivia
Globe League
Become a Host
Pub Owners
SporcleCon
Opinionation
Our Games
Videos
Blog
Mobile Apps
Partnerships
Remove Ads and Go Orange
Feedback
Television
TV Characters
TV Show
Sitcom
Network
Friends
Reality Shows
Cast
South Park
Star Trek
The Simpsons
Doctor Who
Television
TV Characters
TV Show
Sitcom
Network
Friends
Reality Shows
Cast
South Park
Star Trek
The Simpsons
Doctor Who
Random Quiz
Search Sporcle
×
Editor Pick
Editor Pick
Television
Letter
Type in answers that appear in a list
Type in answers that appear in a list
Classic
Best Score? Go Orange.
TV Shows Minus A Letter Stats
Can you name the new TV shows created when a letter is removed?
By
spikeydoo
8m
20 Questions
1,075 Plays
1,075 Plays
1,075 Plays
Comments
Comments
Give Quiz Kudos
Give Quiz Kudos
-
- Ratings
hide this ad
More Info
Replay
Link that replays current quiz
Next Quiz
Link to next quiz in quiz playlist
You Got
0%
They Got
Avg Score
15%
Avg Friend Score
Upgrade to see
Score Distribution
Jump to the score distribution portion of the page
Score
0/20
Timer
08:00
0
Plays Today
Description
Show
% Correct
This modern day sitcom follows a group of experts discussing the idea that the universe originated in a large paper sack.
Big Bag Theory
68.7%
This 90's sitcom details the exploits of a group of demons and evil spirits in New York.
Fiends
47.2%
A medical drama about the tubing used for siphoning.
Hose
33.8%
This sci-
fi series illustrates the struggles of a prostitute with a Ph.D.
Doctor Ho
22.6%
A woman listens to her son recount the story of his birth in this modern day sitcom.
How I Met You, Mother
19.8%
A first person account of anger management takes center stage in this period drama.
Mad Me
18.3%
A family sitcom about makeovers for gardening equipment.
Hoe Improvement
14.3%
A mockumentary about the various social activities on Noah's fleet.
Arks and Recreation
13.2%
A murder mystery about fraternal siblings born in a seed pod.
Twin Peas
12.4%
An undeveloped piece of urban real estate leads to endless questions on this supernatural mystery.
Lot
11.4%
Description
Show
% Correct
A winged mammal plays Cupid in this 70's sitcom.
The Love Bat
9.5%
Contestants win cash and prizes by eating the last slice of bread on this game show.
Heel of Fortune
9.1%
This ground breaking reality series documents 8 letters trying to arrange themselves in a meaningful way.
The Real Word
8.9%
A short lived series about something that happened on or around an airduct.
The Vent
7.7%
A 70's sitcom about a woman carrying on a conversation with a pine.
Tree's Company
6.7%
Our title character hasn't quite figured out deodorant on this teen drama.
Dawson's Reek
4.4%
A sitcom about a boy's desire for dried fruit.
Raisin Hope
4.1%
A group of soldiers pay tribute to their miniature glasses of liquor in this children's comedy.
Salute Your Shots
3.4%
A reality competition where 24 men and women discover their low BMI can't keep them from getting down.
So You Thin? You Can Dance!
3%
A dramedy about the ooey-
gooey fate of dinosaurs in America.
United States of Tar
0.4%
Quiz Playlist
Details
Report
Send in Message
Add To Playlist
More Info:
Example: "Legal drama about the Holy One's spouse after He is jailed." = "The God Wife"
Classic:
Type in answers that appear in a list
Last Updated: Feb 16, 2017
Editor Pick in
Television
Quiz Scoreboard
CHALLENGE
Sign Up to Join the Scoreboard
Show All
Scores
Hide
Comments
May contain spoilers
Recently Published
Two Season TV Shows II
by 123Four
Television
10m
Image Sorting: Flags VI
by Barbecue
Geography
2m
Find the 'City' Movie
by crazypaving
Movies
60s
More to Explore
Quiz From the Vault
Featured Blog Post
14 Easter Pick-up Lines to Find Eggs With
hide this ad
You Might Also Like...
Tags
Letter Quiz
Show Quiz
description
mind
Removed
Today's Top Quizzes in Television
Browse Television
hide this ad
Today's Top Quizzes in Letter
Browse Letter
Top Contributed Quizzes in Television
1
Survivor Journey Challenge
2
Even More Two Season TV Shows
3
Adjectives in 00s TV Shows
4
Brooklyn Nine Nine Logic Puzzle (How-To-Play)
5
Adjectives in 10s TV Shows
6
Click the SpongeBob Episodes (Season 3)
7
Even More Three Season TV Shows
8
Survivor Logic Puzzle: Heroes vs. Villains
9
Total Drama Characters
10
Survivor Heroes vs. Villains Logic Puzzle
Explore More
Trending Topics
Anime
Marvel
Kpop
NBA
Crossword
Harry Potter
Disney
WWE
Country
Song
The Office
Soccer
Pokémon
Puzzle
NFL
hide this ad
More By:
spikeydoo
Quiz
Plays
Rating
Category
Featured
Created
TV Shows Minus A Letter
1,075
3.67
Television
May 19, 2011
RuPaul's Drag Race Judges
650
2.80
Television
Oct 8, 2013
A Little Knowledge, A Little Luck
220
3.57
Miscellaneous
Sep 17, 2011
Movies/TV Shows with a character named Spike
90
4.00
Entertainment
Jul 10, 2011
Go to Creator's Profile
Score Distribution
Quiz Creator Spotlight
spikeydoo
Follow
Send a Message
Quizzes Created
-
Created Quiz Play Count
-
More By This Creator
Popular Quizzes Today
1
Find the US States - No Outlines Minefield
2
Colored Red Africa Blitz
3
Find the 'City' Movie
4
5x2 Blitz: Bands
5
The Countries of the World
6
Find the Countries of Europe - No Outlines Minefield
7
Find the US States
8
US States
More Television Quizzes
30 British Game Show Hosts
Published
Trending Quizzes
Colored Red Europe Blitz I
Colored Red Africa Blitz II
Colored Red Europe Blitz II
Even More Two Season TV Shows
Colored Red Africa Blitz III
Recently Updated
March Madness Men's Triple Doubles
pecheneg
How Do You Spell That?
pecheneg
Godzilla Movies
pecheneg
Grab Bag: 4-10 Letters
pecheneg
2024 March Madness Bracket
pecheneg
Famous TV Couples
Peacemaker
Champions League XIs: Real Madrid
pecheneg
Largest US Cities 1790-2010
pecheneg
Rides in Walt Disney World
pecheneg
Most Oscar Losses (Acting)
pecheneg
Trending Topics
Kpop
Crossword
Anime
Disney
Harry Potter
NBA
Marvel
Pokémon
NFL
WWE
Soccer
The Office
Puzzle
Song
Country
Your Account Isn't Verified!
In order to create a playlist on Sporcle, you need to verify the email address you used during registration. Go to your
Sporcle Settings
to finish the process.
Report this User
Report this user for behavior that violates our
Community Guidelines
.
Details:
Send Report
Go to the Sporcle.com Mobile Site →
Comments